000 00650nam a2200169Ia 4500
003 GCL
008 140319s9999 xx 000 0 ara d
040 _aGCL /
_cGCL
082 0 4 _a922.1
_bا ت
100 1 _aالسمعانى : تاج الاسلام ابو سعد عبدالكريم بن محمد بن ابى المظفر
245 1 0 _aالتحبير فى المعجم الكبير /
_cالسمعانى : تاج الاسلام ابو سعد عبدالكريم بن محمد بن ابى المظفر
700 1 _aمنير ناجى سالم
300 _a647 ص ؛
_c25سم
490 _a
650 0 4 _aالرجال - تراجم
942 _2ddc
_cBK
999 _c39008
_d39008